000 00215nam a22000857a 4500
008 161206b xxu||||| |||| 00| 0 eng d
100 _91874
_aJauhar. M
245 _aABC of science
260 _aNew delhi
_bHoly faith
_c2006
999 _c4624
_d4624